| 000 | 01646pam a2200385 a 4500 | ||
|---|---|---|---|
| 001 | 15235655 | ||
| 005 | 20080428101201.0 | ||
| 008 | 080327s2007 enk b 001 0 eng | ||
| 010 | _a 2008272104 | ||
| 015 |
_aGBA775083 _2bnb |
||
| 015 |
_aGBA768754 _2bnb |
||
| 016 | 7 |
_a013950342 _2Uk |
|
| 016 | 7 |
_a013828980 _2Uk |
|
| 020 | _a9780521835527 (hbk.) | ||
| 020 | _a9780521543170 (pbk.) | ||
| 035 | _a(OCoLC)ocn166626152 | ||
| 040 |
_aUKM _cUKM _dYDXCP _dBTCTA _dBAKER _dC#P _dDLC |
||
| 042 | _alccopycat | ||
| 050 | 0 | 0 |
_aJZ5588 _b.B67 2007 |
| 082 | 0 | 4 |
_a327.1701 _222 _bBOO |
| 100 | 1 |
_aBooth, Ken, _d1943- |
|
| 245 | 1 | 0 |
_aTheory of world security / _cKen Booth. |
| 260 |
_aCambridge ; _aNew York : _bCambridge University Press, _c2007. |
||
| 300 |
_axviii, 489 p. ; _c24 cm. |
||
| 440 | 0 |
_aCambridge studies in international relations ; _v105 |
|
| 504 | _aIncludes bibliographical references and index. | ||
| 650 | 0 |
_aSecurity, International _xPhilosophy. |
|
| 650 | 0 |
_aWorld politics _y1989- |
|
| 856 | 4 | 2 |
_3Publisher description _uhttp://www.loc.gov/catdir/enhancements/fy0827/2008272104-d.html |
| 856 | 4 | 1 |
_3Table of contents only _uhttp://www.loc.gov/catdir/enhancements/fy0827/2008272104-t.html |
| 856 | 4 | 2 |
_3Contributor biographical information _uhttp://www.loc.gov/catdir/enhancements/fy0827/2008272104-b.html |
| 942 |
_2ddc _cBB |
||
| 999 |
_c11074 _d11074 |
||